Καιρός
Αποθηκεύτηκε σε:
| Κύριος συγγραφέας: | |
|---|---|
| Άλλοι συγγραφείς: | |
| Μορφή: | Βιβλίο |
| Γλώσσα: | Greek |
| Δημοσίευση: |
Αθήνα :
Υψιλον/Βιβλία,
1987.
|
| Θέματα: | |
| Ετικέτες: |
Προσθήκη ετικέτας
Δεν υπάρχουν, Καταχωρήστε ετικέτα πρώτοι!
|
MARC
| LEADER | 00000cam a2200000 i 4500 | ||
|---|---|---|---|
| 001 | 1/56020 | ||
| 008 | 941103s1987 gr | ||| |||| ||gre|| | ||
| 035 | |a 1994 |c ΒΙΒΛΙΟΘΗΚΗ |l 10045448 | ||
| 040 | |a GR-MyUA |b gre |e AACR2 | ||
| 041 | 0 | |a gre | |
| 082 | 0 | |a 320.092 | |
| 100 | 1 | |a Καστοριάδης, Κορνήλιος, |d 1922-1997. | |
| 245 | 1 | 0 | |a Καιρός / |c Κορνήλιος Καστοριάδης ; μετάφραση Κώστας Κουρεμένος. |
| 260 | |a Αθήνα : |b Υψιλον/Βιβλία, |c 1987. | ||
| 300 | |a 133 σ. ; |c 21 εκ. | ||
| 500 | |a "Τα κείμενα που ακολουθούν, απαρτίζουν το πρώτο μέρος του Β τόμου του εργου Σταυροδρόμια του Λαβυρίνθου που εκδόθηκε στη Γαλλία τον Απρίλη του 1986 με τον επίτιτλο Domaines de l'homme (Τόποι του ανθρώπου). | ||
| 600 | 1 | 0 | |a Marx, Karl, |d 1818-1883. |
| 650 | 0 | 0 | |a World politics |y 1945- |
| 650 | 0 | 0 | |a Psychoanalysis |x Social aspects. |
| 651 | 0 | |a Poland |x Politics and government. | |
| 651 | 0 | |a Europe |x Politics and government. | |
| 700 | 1 | |a Κουρεμένος, Κώστας, |e trl | |
| 852 | |a INST |b SAMOS |e 19941103 |h 320.092 ΚΑΣ |p 005300006569 |q 005300006569 |t BK |y 0 | ||
| 909 | |a Σ |b 034689 | ||